<?xml version="1.0" encoding="UTF-8"?>
<record
    xmlns:xsi="http://www.w3.org/2001/XMLSchema-instance"
    xsi:schemaLocation="http://www.loc.gov/MARC21/slim http://www.loc.gov/standards/marcxml/schema/MARC21slim.xsd"
    xmlns="http://www.loc.gov/MARC21/slim">

  <leader>00553nam a2200157 a 4500</leader>
  <controlfield tag="001">ASIN0070487138</controlfield>
  <controlfield tag="005">20140908221940.0</controlfield>
  <controlfield tag="008">140908s1981    xxu                 eng d</controlfield>
  <datafield tag="020" ind1=" " ind2=" ">
    <subfield code="a">0070487138 (paperback)</subfield>
    <subfield code="c">$34.48</subfield>
  </datafield>
  <datafield tag="020" ind1=" " ind2=" ">
    <subfield code="a">9780070487130 (paperback)</subfield>
  </datafield>
  <datafield tag="100" ind1="1" ind2=" ">
    <subfield code="a">Pasahow, Edward.</subfield>
  </datafield>
  <datafield tag="245" ind1="1" ind2="0">
    <subfield code="a">Microprocessors and microcomputers for electronics technicians /</subfield>
    <subfield code="c">Edward Pasahow.</subfield>
  </datafield>
  <datafield tag="260" ind1=" " ind2=" ">
    <subfield code="a">[S.l.] :</subfield>
    <subfield code="b">Glencoe/Mcgraw-Hill,</subfield>
    <subfield code="c">1981.</subfield>
  </datafield>
  <datafield tag="300" ind1=" " ind2=" ">
    <subfield code="a">265 p.</subfield>
  </datafield>
  <datafield tag="856" ind1="4" ind2="0">
    <subfield code="3">Amazon.com</subfield>
    <subfield code="u">http://www.amazon.com/exec/obidos/ASIN/0070487138/chopaconline-20</subfield>
  </datafield>
  <datafield tag="999" ind1=" " ind2=" ">
    <subfield code="c">9562</subfield>
    <subfield code="d">9562</subfield>
  </datafield>
  <datafield tag="952" ind1=" " ind2=" ">
    <subfield code="0">0</subfield>
    <subfield code="1">0</subfield>
    <subfield code="4">0</subfield>
    <subfield code="7">0</subfield>
    <subfield code="a">QUESTCL</subfield>
    <subfield code="b">ST</subfield>
    <subfield code="d">2014-09-08</subfield>
    <subfield code="g">315.40</subfield>
    <subfield code="l">2</subfield>
    <subfield code="o">PAS</subfield>
    <subfield code="p">17747</subfield>
    <subfield code="r">2016-01-13 00:00:00</subfield>
    <subfield code="s">2015-11-30</subfield>
    <subfield code="y">BK</subfield>
  </datafield>
  <datafield tag="952" ind1=" " ind2=" ">
    <subfield code="0">0</subfield>
    <subfield code="1">0</subfield>
    <subfield code="4">0</subfield>
    <subfield code="7">0</subfield>
    <subfield code="a">QUESTCL</subfield>
    <subfield code="b">QUESTCL</subfield>
    <subfield code="d">2014-09-08</subfield>
    <subfield code="g">315.40</subfield>
    <subfield code="l">1</subfield>
    <subfield code="o">PAS</subfield>
    <subfield code="p">17748</subfield>
    <subfield code="r">2015-01-19 00:00:00</subfield>
    <subfield code="s">2014-11-11</subfield>
    <subfield code="w">2014-09-08</subfield>
    <subfield code="y">BK</subfield>
  </datafield>
</record>
